| 000 | 01607nam a2200457 i 4500 | ||
|---|---|---|---|
| 001 | 34406 | ||
| 003 | KOSZ 005 | ||
| 005 | 20220526135105.0 | ||
| 008 | 991010s1999 pl f f |000 0 pol d | ||
| 020 | _a838742479X | ||
| 040 |
_cKOSZ 005 _aKOSZ 005 _dKOSZ 005/HR |
||
| 046 | _k1999 | ||
| 080 | _a37.018.1/.2 | ||
| 080 | _a371.3 | ||
| 080 | _a316.35-058.8 | ||
| 080 | _a(075.8) | ||
| 100 | 1 |
_aSkrzypniak, Ryszard _eAutor |
|
| 245 | 1 | 0 |
_aInterdyscyplinarne rozważania o wychowaniu, wartościach i rodzinie / _cRyszard Skrzypniak ; Politechnika Koszalińska. |
| 260 |
_aKoszalin : _bWydawnictwo Uczelniane PK, _c1999. |
||
| 300 |
_a115 s. ; _c24 cm. |
||
| 336 |
_2rdacontent _aTekst _btxt |
||
| 337 |
_2rdamedia _aBez urządzenia pośredniczącego _bn |
||
| 338 |
_2Rdacarrier _aWolumin _bnc |
||
| 380 | _aKsiążki | ||
| 380 | _aPublikacje dydaktyczne | ||
| 385 |
_mPoziom nauczania _aSzkoły wyższe |
||
| 388 | _a1901-2000 | ||
| 388 | _a1989-2000 | ||
| 500 | _aPodręcznik Wydziału Mechanicznego. | ||
| 504 | _aBibliogr. przy rozdz. | ||
| 650 | 4 | _aWychowanie w rodzinie | |
| 650 | 4 | _aMetody wychowawcze | |
| 650 | 4 | _aPedagogika | |
| 650 | 4 | _aWartość | |
| 655 | 4 | _aPodręczniki akademickie | |
| 658 | _aEdukacja i pedagogika | ||
| 710 | 2 |
_aWydawnictwo Uczelniane (Politechnika Koszalińska) _4pbl. |
|
| 856 |
_uhttp://dlibra.tu.koszalin.pl/dlibra/docmetadata?id=429 _yBiblioteka Cyfrowa |
||
| 856 |
_uhttp://koha.tu.koszalin.pl/cgi-bin/koha/opac-detail.pl?biblionumber=34406 _yKatalog online BPK |
||
| 942 |
_cKS _2UKD |
||
| 999 |
_c34406 _d34406 |
||